000 00560nam a22001937a 4500
999 _c3590
_d3590
003 AR-CdUCM
008 190306b ||||| |||| 00| 0 spa d
040 _aMUNICIPALIDAD PROVINCIAL DEL CUSCO
_cBIBLIOTECA MUNICIPAL DEL CUSCO
082 _a808.8 /
_bZ85
100 _aZola, Emile
_911752
245 _aNaná /
260 _aLima :
_bCorporación Editora Chirre ;
_c2004.
300 _a129 páginas ;
_c20cm
505 _aContenido: Novela
650 _aNovela francesa
_92590
650 _aLiteratura siglo XIX
_93017
942 _2ddc
_cLIBROS
945 _anom